Online katalóg knižníc regiónu Turca

Láska ide cez žalúdok (Record no. 22554)

MARC details
000 -LEADER
fixed length control field 00813nam a2200277 a 4500
001 - CONTROL NUMBER
control field 22554
003 - CONTROL NUMBER IDENTIFIER
control field SK-KTurca
005 - DATE AND TIME OF LATEST TRANSACTION
control field 20260401095219.0
008 - FIXED-LENGTH DATA ELEMENTS--GENERAL INFORMATION
fixed length control field 180730s2009 xo 000 f slo c
020 ## - INTERNATIONAL STANDARD BOOK NUMBER
International Standard Book Number 9788071361992
Qualifying information (viaz.)
040 ## - CATALOGING SOURCE
Original cataloging agency TVZK
Language of cataloging slo
Transcribing agency TVZK
Description conventions AACR2
041 1# - LANGUAGE CODE
Language code of text/sound track or separate title slo
Language code of original eng
044 ## - COUNTRY OF PUBLISHING/PRODUCING ENTITY CODE
MARC country code xo
ISO country code SK
072 #7 - SUBJECT CATEGORY CODE
Subject category code 821.111(73)-3
Subject category code subdivision Americká próza
Source konspekt
080 ## - UNIVERSAL DECIMAL CLASSIFICATION NUMBER
Universal Decimal Classification number 821.111(73)-3
Edition identifier 2001
100 1# - MAIN ENTRY--PERSONAL NAME
Personal name Jacobs, Kate
245 10 - TITLE STATEMENT
Title Láska ide cez žalúdok
Statement of responsibility, etc. Kate Jacobsová ; preložila Alica Činčárová
250 ## - EDITION STATEMENT
Edition statement 1. vyd.
260 ## - PUBLICATION, DISTRIBUTION, ETC.
Place of publication, distribution, etc. Bratislava
Name of publisher, distributor, etc. Columbus
Date of publication, distribution, etc. 2009
300 ## - PHYSICAL DESCRIPTION
Extent 336 s.
Dimensions 20 cm
650 ## - SUBJECT ADDED ENTRY--TOPICAL TERM
Topical term or geographic name entry element americká literatúra
Source of heading or term SNKPH
655 ## - INDEX TERM--GENRE/FORM
Genre/form data or focus term romány o ženách
Source of term SNKPH
655 ## - INDEX TERM--GENRE/FORM
Genre/form data or focus term americké romány
Source of term SNKPH
700 1# - ADDED ENTRY--PERSONAL NAME
Personal name Činčárová, Alica
Relationship trl
942 ## - ADDED ENTRY ELEMENTS (KOHA)
Source of classification or shelving scheme Dewey Decimal Classification
Koha item type Krásna literatúra pre dospelých
Suppress in OPAC No
Holdings
Stav vyradenia Strata Poškodenie Spôsob nadobudnutia Domovská knižnica Aktuálna knižnica Dátum nadobudnutia Total checkouts Čiarový kód exemplára Date last seen Typ exemplára
      Dar Obecná knižnica Turčianska Štiavnička Obecná knižnica Turčianska Štiavnička 01.04.2026   4738000829 01.04.2026 Krásna literatúra pre dospelých
Projekt je podporený Slovenskou asociáciou knižníc
Prevádzkuje Turčianska knižnica Martin 2026